书目信息 |
| 题名: |
Photoshop平面设计标准教材
|
|
| 作者: | 刘倩 , 于峰 编著 | |
| 分册: | ||
| 出版信息: | 北京 中国电力出版社 2008.02 |
|
| 页数: | 282页 | |
| 开本: | 26cm | |
| 丛书名: | ||
| 单 册: | ||
| 中图分类: | TP391.41 | |
| 科图分类: | ||
| 主题词: | 平面设计--ping mian she ji--图形软件--Photoshop--高等学校--教材 | |
| 电子资源: | ||
| ISBN: | 978-7-5083-6566-4 | |
| 000 | 01230nam0 2200265 450 | |
| 001 | 012008651763 | |
| 005 | 20080514084803.75 | |
| 010 | @a978-7-5083-6566-4@dCNY32.00 (含光盘) | |
| 010 | @a978-7-900237-32-3@b光盘 | |
| 100 | @a20080513d2008 em y0chiy0120 ea | |
| 101 | 0 | @achi |
| 102 | @aCN@b110000 | |
| 105 | @aa z 000yy | |
| 106 | @ar | |
| 200 | 1 | @aPhotoshop平面设计标准教材@APhotoshop ping mian she ji biao zhun jiao cai@f刘倩, 于峰编著@Fliu qian,yu feng bian zhu |
| 210 | @a北京@c中国电力出版社@d2008.02 | |
| 215 | @a282页@c图@d26cm@e光盘1片 | |
| 300 | @a21世纪高等学校艺术设计专业规划教材 | |
| 330 | @a本书是基于PhotoshopCS2的基础上编写的,PhotoshopCS2引入强大和精确的新标准,提供数字化的图像创作和控制体验,如增加了校正镜头偏差、"污点修复画笔"工具、"消失点"滤镜、以及可自定义菜单、更新管理器等。本书按照Photoshop的各项功能划分章节,每个章节都以"简介+正文+实例+快捷方式+练习题(及提示)"的框架完成,它会让你在实践中由浅入深、循序渐进地掌握Photoshop的各项强大功能。 | |
| 606 | 0 | @a平面设计@Aping mian she ji@x图形软件@xPhotoshop@x高等学校@j教材 |
| 690 | @aTP391.41@v4 | |
| 701 | 0 | @a刘倩@Aliu qian@4编著 |
| 701 | 0 | @a于峰@Ayu feng@4编著 |
| 801 | 0 | @aCN@bQSSK@c20080514 |
| 905 | @b711922-24@dTP391.41@eL665@f3 | |
| Photoshop平面设计标准教材/刘倩, 于峰编著.-北京:中国电力出版社,2008.02 |
| 282页:图;26cm+光盘1片 |
| 21世纪高等学校艺术设计专业规划教材 |
| ISBN 978-7-5083-6566-4:CNY32.00 (含光盘) |
| 本书是基于PhotoshopCS2的基础上编写的,PhotoshopCS2引入强大和精确的新标准,提供数字化的图像创作和控制体验,如增加了校正镜头偏差、"污点修复画笔"工具、"消失点"滤镜、以及可自定义菜单、更新管理器等。本书按照Photoshop的各项功能划分章节,每个章节都以"简介+正文+实例+快捷方式+练习题(及提示)"的框架完成,它会让你在实践中由浅入深、循序渐进地掌握Photoshop的各项强大功能。 |
| ● |
| 相关链接 |
|
|
|
正题名:Photoshop平面设计标准教材
索取号:TP391.41/L665
 
预约/预借
| 序号 | 登录号 | 条形码 | 馆藏地/架位号 | 状态 | 备注 |
| 1 | 711922 | 207119223 | 自科库301/301自科库 66排7列3层/ [索取号:TP391.41/L665] | 在馆 | |
| 2 | 711923 | 207119232 | 自科库301/301自科库 66排7列3层/ [索取号:TP391.41/L665] | 在馆 | |
| 3 | 711924 | 207119241 | 自科二线404/404自科库 14排4列2层/ [索取号:TP391.41/L665] | 在馆 |